| 000 | 01348nam a2200253 a 4500 | ||
|---|---|---|---|
| 001 | 000041247 | ||
| 005 | 20201002034726.0 | ||
| 008 | 130927s1984 sp 000 0 spa d | ||
| 020 | _a8400056779 | ||
| 040 |
_aDO-SdBNP _bspa _cBNPHU |
||
| 100 | 1 |
_aMorales, Cristóbal de. _967838 |
|
| 245 | 1 | 0 |
_aCristóbal de Morales : _b[Música impresa]: opera omnia / _cCristóbal de Morales ; transcripción y estudio por Higinio Anglés. |
| 260 |
_aRoma : _bConsejo Superior de Investigaciones Científicas : _bDelegación de Roma, _c1984. |
||
| 300 |
_av. de partituras : _bil., mús. ; _c32 cm. |
||
| 490 | 1 |
_aMonumentos de la música española _v13 |
|
| 500 | _aLa biblioteca posee el v. 2 | ||
| 500 | _aReimpresión | ||
| 504 | _aIncluye referencias bibliográficas y notas al pie de las páginas | ||
| 505 | 0 |
_gv.1: _tMissarum Liber Primus : (Roma, 1544) -- _gv.2: _tMotetes I-XXV -- _gv.3: _tMissarum Liber Secundus : (Roma, 1544) -- _gv.4: _tXVI Magnificat : (Venecia, 1545) -- _gv.5: _tMotetes XXVI-L -- _gv.6: _tMissarum Liber Secundus : (Roma, 1544) -- _gv.7: _tMisas XVII-XXI -- _gv.8: _tMotetes LI-LXXV |
|
| 700 | 1 |
_aAnglés, Higinio. _967839 |
|
| 710 | 2 |
_aConsejo Superior de Investigaciones Científicas (España) _915178 |
|
| 710 | 2 |
_aEscuela Española de Historia y Arqueología en Roma _965401 |
|
| 830 | 0 |
_aMonumentos de la música española _n13 _967840 |
|
| 999 |
_c40737 _d40737 |
||